Rozpoznaj postacie League of Legends po zdjęciu [poziom średni] - Statystyki

Ogólne statystyki
  • Ten quiz został rozwiązany 45 razy
  • Średni wynik to 19 z 20
Statystyki odpowiedzi
Obrazkowy Odpowiedź % Poprawnych
Ahri
100%
Dr Mundo
100%
Ekko
100%
Ezreal
100%
Fizz
100%
Lee Sin
100%
Lucian
100%
Twitch
100%
Cho'Gath
97%
Morgana
97%
Olaf
97%
Veigar
97%
Pantheon
95%
Viego
95%
Gangplank
92%
Irelia
92%
Nami
92%
Sivir
92%
Trundle
89%
Yuumi
89%
Nie znaleziono quizów pasujących do podanych kryteriów
Rozkład punktacji
Procent ludzi z każdym wynikiem
Percentyl według liczby udzielonych odpowiedzi
Twoja historia wyników
Nie rozwiązałeś tego quizu